| 000 | 00468nam a2200157Ia 4500 | ||
|---|---|---|---|
| 003 | IN-BaIIA | ||
| 008 | 211028s9999 xx 000 0 eng d | ||
| 040 | _cIIA Library | ||
| 080 |
_a52(091) _bKAY |
||
| 100 |
_aKaye,G. R. _9897 |
||
| 245 | 0 |
_aHindu Astronomy _cG. R. Kaye |
|
| 260 |
_aCalcutta _bCentral Publication Branch _c1924 |
||
| 300 | _aii, 134p | ||
| 650 |
_aHindu Astronomy _9898 |
||
| 942 | _cBK | ||
| 999 |
_c396 _d396 |
||